Visualizzazione normale
Vista MARC
- Istituto Giuseppe Toniolo
di Personal Name
Records bibliografici associati: 6
001 - CONTROL NUMBER
- control field: 56498
003 - CONTROL NUMBER IDENTIFIER
- control field: IT-RoPau
005 - DATE AND TIME OF LATEST TRANSACTION
- control field: 20170531114955.0
008 - FIXED-LENGTH DATA ELEMENTS
- fixed length control field: 170531|| aca||aabn | a|a d
040 ## - CATALOGING SOURCE
- Original cataloging agency: IT-RoPau
- Transcribing agency: IT-RoPau
100 ## - HEADING--PERSONAL NAME
- Personal name: Istituto Giuseppe Toniolo
670 ## - SOURCE DATA FOUND
- Source citation: Work cat.: (IT-RoPau): Istituto Giuseppe Toniolo, La condizione giovanile in Italia, 2016